Jókai lelke.
Elmentve itt :
| Szerző: | |
|---|---|
| Adatforrás: | Philobibl |
| Dokumentumtípus: | Könyv |
| Nyelv: | magyar |
| Megjelent: |
Bp.
Stephaneum.
1926
|
| LEADER | 00276nam a2200109 c 4500 | ||
|---|---|---|---|
| 001 | bibDOK00028067 | ||
| 005 | 20200924122305.9 | ||
| 008 | 060518s1926 hu hun | ||
| 100 | 1 | |a Divald Kornél | |
| 245 | 1 | 0 | |a Jókai lelke. |c Divald Kornél |
| 260 | |a Bp. |b Stephaneum. |c 1926 | ||
| 300 | |a 11 p. p. | ||